Public finance : (Record no. 6978)
[ view plain ]
| 000 -LEADER | |
|---|---|
| fixed length control field | 00913nam a22002895a 4500 |
| 008 - FIXED-LENGTH DATA ELEMENTS--GENERAL INFORMATION | |
| fixed length control field | 150817b1996 xxua|||frb||| 001 0 eng d |
| 010 ## - LIBRARY OF CONGRESS CONTROL NUMBER | |
| LC control number | 95067706 |
| 020 ## - INTERNATIONAL STANDARD BOOK NUMBER | |
| International Standard Book Number | 0030113172 |
| 020 ## - INTERNATIONAL STANDARD BOOK NUMBER | |
| International Standard Book Number | 9780030113178 |
| 040 ## - CATALOGING SOURCE | |
| Original cataloging agency | EG-ScBUE |
| Language of cataloging | eng |
| Transcribing agency | EG-ScBUE |
| 082 04 - DEWEY DECIMAL CLASSIFICATION NUMBER | |
| Classification number | 336 |
| Item number | HYM |
| Edition number | 22 |
| 100 1# - MAIN ENTRY--PERSONAL NAME | |
| Personal name | Hyman, David N. |
| 245 10 - TITLE STATEMENT | |
| Title | Public finance : |
| Remainder of title | a contemporary application of theory to policy / |
| Statement of responsibility, etc | David N. Hyman. |
| 250 ## - EDITION STATEMENT | |
| Edition statement | 5th ed. |
| 260 ## - PUBLICATION, DISTRIBUTION, ETC. (IMPRINT) | |
| Place of publication, distribution, etc | Fort Worth : |
| Name of publisher, distributor, etc | Dryden Press, |
| Date of publication, distribution, etc | c. 1996. |
| 300 ## - PHYSICAL DESCRIPTION | |
| Extent | xxiii, 623 p. : |
| Other physical details | ill. ; |
| Dimensions | 25 cm. |
| 490 #0 - Series Statement | |
| Series statement | The Dryden Press series in finance |
| 500 ## - GENERAL NOTE | |
| General note | Indexes : p. 611-623. |
| 500 ## - GENERAL NOTE | |
| General note | Glossary : p. 601-609. |
| 504 ## - BIBLIOGRAPHY, ETC. NOTE | |
| Bibliography, etc | Includes bibliographical references. |
| 590 ## - LOCAL NOTE (RLIN) | |
| Local note | Menna elemam |
| 650 #0 - SUBJECT ADDED ENTRY--TOPICAL TERM | |
| Topical term or geographic name as entry element | Finance, Public. |
| Source of heading or term | BUEsh |
| 650 #0 - SUBJECT ADDED ENTRY--TOPICAL TERM | |
| Topical term or geographic name as entry element | Fiscal policy. |
| Source of heading or term | BUEsh |
| 651 ## - SUBJECT ADDED ENTRY--GEOGRAPHIC NAME | |
| Source of heading or term | BUEsh |
| 653 ## - INDEX TERM--UNCONTROLLED | |
| Resource For college | BAEPS, Economics |
| Arrived date list | August2015 |
| 942 ## - ADDED ENTRY ELEMENTS (KOHA) | |
| Item type | Book - Borrowing |
| Call number prefix | 336 HYM |
| Source of classification or shelving scheme | Dewey Decimal Classification |
| Withdrawn status | Item status | Source of classification or shelving scheme | Damaged status | Not for loan | Home library | Current library | Shelving location | Date acquired | Source of acquisition | Total Checkouts | Total Renewals | Full call number | Barcode | Date last seen | Date last borrowed | Koha item type |
|---|---|---|---|---|---|---|---|---|---|---|---|---|---|---|---|---|
| Dewey Decimal Classification | Central Library | Central Library | First floor | 15/05/2008 | Purchase | 2 | 2 | 336 HYM | 000039492 | 15/07/2025 | 29/04/2012 | Book - Borrowing | ||||
| Dewey Decimal Classification | Central Library | Central Library | First floor | 07/12/2010 | Purchase | 336 HYM | 000008511 | 15/07/2025 | Book - Borrowing | |||||||
| Dewey Decimal Classification | Central Library | Central Library | First floor | 08/05/2015 | Purchase | 2 | 336 HYM | 000011567 | 15/07/2025 | 11/04/2011 | Book - Borrowing |